000 00988nam 2200157 4500
001 5644
090 _a5644
100 _a20190729k u||y0frey50 ba
101 _afre
200 _aBulletin de liaison des Comités de Luttes Lycéennes (CLL)
_bBrochure
_fCentre de luttes lycéennes
210 _aParis, France
_cCentre de luttes lycéennes
_d[1971]
330 _a« Ce bulletin du Centre de luttes lycéennes fait le point sur le mouvement d'ensemble qui a touché les lycées de Paris et de province ces derniers mois. Il fait suite au stage national qui a regroupé pendant les vacances de Pâques des camarades lycéens des villes suivantes: Toulouse, Lyon, Boulogne sur mer, Limoges, Caen, Thionville, Lille, Auxerre, Besançon, Brest, Blois, Rennes, Elbeuf, Le Havre, ainsi que des camarades des lycées de la région parisienne. » (Extrait de l'introduction)
606 _9559
_aLuttes étudiantes
607 _9521
_aFrance
710 _96355
_aCentre de luttes lycéennes
801 _aCH
_bCH-002049-8